000 00553nam 22001813 4500
001 201935
010 _a972-42-0395-6
021 _b48673/91
090 _a201935
100 _a20260423d u||y0pory50 ba
200 _aMemórias da meia-noite
_fSidney Sheldon
_gtradução de Maria Adelaide Namorado Freire
210 _aLisboa
_cCírculo de Leitores
_d1991
215 _a337 p.
_cencadernado
_d20 cm
606 _916
_aLiteratura Americana
675 _a821.111(73)-3
_vPT
_zpor
700 _9757
_aSheldon
_bSidney
_f1917-2007
801 _aPT
_bBMMN
_gRPC
990 _cLIVROS